Quizzes
Events
Quiz Creation
Community
Videos
Private Events
Remove Ads
Sign In
Join for FREE
Feedback
Dark Mode
Quiz Categories
Sports
Geography
Music
Movies
Television
Just For Fun
Miscellaneous
History
Literature
Language
Science
Gaming
Entertainment
Religion
Holiday
For Kids
Quiz Lab
Recent
Popular Today
Quiz Kudos Today
Editor Picks
Curator Picks
Quizzes by...
Day
Popularity
Type
Ratings
Length
Year
Community
Subscriptions
Recent Discussions
Orange Saloon
Badges
Playlists
Quests
Create
Leaderboards
Showdown
Live 5
Trivia Bingo
Activity
Puzzle Library
Sporcle Events
Private Events
Virtual Trivia
Globe League
Become a Host
Pub Owners
SporcleCon
Opinionation
Our Games
Videos
Blog
Mobile Apps
Partnerships
Remove Ads and Go Orange
Feedback
Miscellaneous
Crossword
General Knowledge
Baby Names
Logo
Food
Cars
Numbers
Grab Bag
University
College
Popular
Company
Slogans
Restaurants
Justice
Letter
Miscellaneous
Crossword
General Knowledge
Baby Names
Logo
Food
Cars
Numbers
Grab Bag
University
College
Popular
Company
Slogans
Restaurants
Justice
Letter
Random Quiz
Search Sporcle
×
Quiz Lab
Quiz Lab
Miscellaneous
World
Type in answers that appear in a list
Type in answers that appear in a list
Classic
Best Score? Go Orange.
Can you name the Wonders of the World? Stats
Can you name the Can you name the Wonders of the World??
By
jb225
10m
43 Questions
150 Plays
150 Plays
150 Plays
Comments
Comments
Give Quiz Kudos
Give Quiz Kudos
-
- Ratings
hide this ad
Replay
Link that replays current quiz
Next Quiz
Link to next quiz in quiz playlist
You Got
0%
They Got
Avg Score
35%
Avg Friend Score
Upgrade to see
Score Distribution
Jump to the score distribution portion of the page
Score
0/43
Timer
10:00
0
Plays Today
Era/Type
Wonder
% Correct
Ancient
Great Pyramid of Giza
92%
Ancient
Hanging Gardens of Babylon
78%
Ancient
Colossus of Rhodes
66.7%
Middle Ages/
Medieval
Great Wall of China
64%
New7Wonders
Great Wall of China
64%
Natural
Grand Canyon
62.7%
Ancient
Lighthouse of Alexandria
53.3%
Modern
Empire State Building
47.3%
Ancient
Temple of Artemis
44.7%
New7Wonders
Taj Mahal
44.7%
Ancient
Statue of Zeus at Olympia
42%
Ancient
Mausoleum of Halicarnassus
40%
Middle Ages/
Medieval
Colosseum
40%
New7Wonders
Colosseum
40%
Natural
Great Barrier Reef
38.7%
Modern
Golden Gate Bridge
35.3%
New7Wonders (honorary)
Great Pyramid of Giza
34.7%
Natural
Victoria Falls
34.7%
Modern
Panama Canal
34%
Industrial
Panama Canal
34%
New7Wonders
Christ the Redeemer
33.3%
New7Wonders
Petra
32%
Era/Type
Wonder
% Correct
Middle Ages/
Medieval
Leaning Tower of Pisa
31.3%
New7Wonders
Machu Pichu
31.3%
Natural
Mount Everest
30%
Industrial
Brooklyn Bridge
29.3%
Industrial
Hoover Dam
29.3%
New7Wonders
Chichen Itza
27.3%
Modern
CN Tower
26%
Middle Ages/
Medieval
Hagia Sophia
24.7%
Natural
Aurora
22.7%
Middle Ages/
Medieval
Stonehendge
20.7%
Industrial
First Transcontinental Railroad
20%
Middle Ages/
Medieval
Catacombs of Kom el Shoqafa
19.3%
Natural
Harbor of Rio de Janeiro
18.7%
Middle Ages/
Medieval
Porcelain Tower of Nanjing
18%
Industrial
London Sewerage System
17.3%
Modern
Channel Tunnel
16.7%
Natural
Paricutin
15.3%
Industrial
Bell Rock Lighthouse
15.3%
Industrial
SS Great Eastern
14%
Modern
Zuiderzee Works
12.7%
Modern
Itaipu Dam
10.7%
Quiz Playlist
Details
Report
Send in Message
Add To Playlist
Classic:
Type in answers that appear in a list
Last Updated: Feb 16, 2017
Quiz Scoreboard
CHALLENGE
Sign Up to Join the Scoreboard
Show All
Scores
Hide
Comments
May contain spoilers
Recently Published
Decade Duel: World Leaders
by jenniferyan
History
4m
Alphabetical 'K' Countries by Flag Minefield
by ylime102
Geography
3m
Pick 6: Fruits
by JohnFran
Miscellaneous
15s
More to Explore
Quiz From the Vault
Featured Blog Post
15 Basketball Trivia Facts You Can Be March Mad About
hide this ad
You Might Also Like...
Tags
World Quiz
ancient
industrial
Middle Ages
Modern
natural
Natural World
Seven
Wonder
Today's Top Quizzes in Miscellaneous
Browse Miscellaneous
hide this ad
Today's Top Quizzes in World
Browse World
Top Contributed Quizzes in Miscellaneous
1
Spring Months consonants
2
The JOE quick-fire general knowledge quiz: Day 166
3
Pick 6: Vegetables
4
Pick 6: Supreme Pizza
5
Four Seasons
6
Pick 6: University Mascots
7
The JOE quick-fire general knowledge quiz: Day 165
8
Guess the 'S' Things in 3 Words
9
Sporcle Acrostic Puzzle XXXV
10
Guess the 'T' Things in 3 Words
Explore More
Trending Topics
Disney
NBA
Kpop
Crossword
Marvel
Anime
Harry Potter
The Office
Soccer
Country
Puzzle
WWE
Pokémon
Song
NFL
hide this ad
More By:
jb225
Quiz
Plays
Rating
Category
Featured
Created
Can you name Spiderman's biggest villains?
5,791
2.28
Entertainment
May 8, 2011
Can you name Superman's better known villains?
3,611
2.65
Entertainment
May 8, 2011
Countries of the USSR
928
2.67
Geography
Mar 14, 2011
Can you name Batman's better known enemies?
893
2.75
Entertainment
May 8, 2011
Members of Marvel's The Avengers
585
2.57
Entertainment
May 8, 2011
Go to Creator's Profile
Score Distribution
Quiz Creator Spotlight
jb225
Follow
Send a Message
Quizzes Created
-
Created Quiz Play Count
-
More By This Creator
Popular Quizzes Today
1
Countries of Asia Without Outlines Minefield
2
Find the US States - No Outlines Minefield
3
Pick 6: Fruits
4
Alphabetical 'K' Countries by Flag Minefield
5
The Countries of the World
6
Find the Countries of Europe - No Outlines Minefield
7
Find the US States
8
US States
More Miscellaneous Quizzes
Sunday Crossword: VPs
Curator's Pick
Trending Quizzes
Pick 6: Mountains
Pick 6: Harry Potter
Pick 6: Flags
Pick 6: NFL Teams
Pick 6: Movie Franchises
Recently Updated
NWSL Teams
pecheneg
Women's Final Four Teams by Year
bhenderson79
Presidents Quartet II
eogle
Anything But Clue(do)
eogle
Anything But Oceanian Capitals
eogle
Anything But 7
eogle
Anything But Thing
eogle
Word Ladder: February 29
pecheneg
Song Title Questions
pecheneg
Women's NCAA Tournament #1 Seeds
pecheneg
Trending Topics
Disney
Anime
Kpop
Crossword
NBA
Harry Potter
Marvel
NFL
Song
Pokémon
Soccer
Country
WWE
The Office
Puzzle
Your Account Isn't Verified!
In order to create a playlist on Sporcle, you need to verify the email address you used during registration. Go to your
Sporcle Settings
to finish the process.
Report this User
Report this user for behavior that violates our
Community Guidelines
.
Details:
Send Report
Go to the Sporcle.com Mobile Site →
Comments